| Tag |
First Indicator |
Second Indicator |
Subfields |
| LEADER |
00000cam a2200000Ii 4500 |
| 001 |
in00004538708 |
| 005 |
20211004152235.0 |
| 006 |
m d |
| 007 |
cr cn||||||||| |
| 008 |
150714s2022 paua ob 000 0 eng d |
| 020 |
|
|
|a 9780323795456
|q (electronic bk.)
|
| 020 |
|
|
|a 0323795455
|q (electronic bk.)
|
| 020 |
|
|
|a 9780323795449
|q (electronic bk.)
|
| 020 |
|
|
|a 0323795447
|q (electronic bk.)
|
| 035 |
|
|
|a (OCoLC)on1246624500
|
| 035 |
|
|
|a (OCoLC)1246624500
|
| 040 |
|
|
|a YDX
|b eng
|e rda
|c YDX
|d COU
|d INM
|d OCLCO
|d OCLCA
|d OCLCF
|d OCLCO
|d OCLCA
|d OPELS
|d OCLCO
|d TMV
|d UtOrBLW
|
| 049 |
|
|
|a TMVM
|
| 050 |
|
4 |
|a RC521
|
| 060 |
|
4 |
|a WT 155
|b B927m 2022eb
|
| 100 |
1 |
|
|a Budson, Andrew E.,
|e author.
|0 http://id.loc.gov/authorities/names/n2011016077
|
| 245 |
1 |
0 |
|a Memory loss, Alzheimer's disease, and dementia :
|b a practical guide for clinicians /
|c Andrew E. Budson, Paul R. Solomon.
|
| 250 |
|
|
|a Third edition.
|
| 264 |
|
1 |
|a Philadelphia :
|b Elsevier,
|c [2022]
|
| 264 |
|
4 |
|c ©2022
|
| 300 |
|
|
|a 1 online resource :
|b illustrations
|
| 336 |
|
|
|a text
|b txt
|2 rdacontent
|
| 337 |
|
|
|a computer
|b c
|2 rdamedia
|
| 338 |
|
|
|a online resource
|b cr
|2 rdacarrier
|
| 500 |
|
|
|a Electronic resource.
|
| 500 |
|
|
|a Description based on opening page (viewed Jun 24, 2021).
|
| 504 |
|
|
|a Includes bibliographical resources.
|
| 588 |
0 |
|
|a Online resource; title from electronic title page (ClinicalKey, viewed on April 21, 2021).
|
| 650 |
|
0 |
|a Memory disorders.
|0 http://id.loc.gov/authorities/subjects/sh85083500
|
| 650 |
|
0 |
|a Alzheimer's disease.
|0 http://id.loc.gov/authorities/subjects/sh85004080
|
| 650 |
|
0 |
|a Dementia.
|0 http://id.loc.gov/authorities/subjects/sh85036638
|
| 650 |
|
0 |
|a Dementia
|x Diagnosis.
|
| 650 |
|
2 |
|a Dementia
|x diagnosis.
|0 (DNLM)D003704Q000175
|0 https://id.nlm.nih.gov/mesh/D003704Q000175
|
| 650 |
|
2 |
|a Memory Disorders.
|0 https://id.nlm.nih.gov/mesh/D008569
|
| 650 |
|
2 |
|a Alzheimer Disease
|x diagnosis.
|0 (DNLM)D000544Q000175
|0 https://id.nlm.nih.gov/mesh/D000544Q000175
|
| 650 |
|
2 |
|a Diagnosis, Differential.
|0 https://id.nlm.nih.gov/mesh/D003937
|
| 650 |
|
2 |
|a Aged.
|0 (DNLM)D000368
|0 https://id.nlm.nih.gov/mesh/D000368
|
| 655 |
|
7 |
|a Ebooks.
|2 local
|
| 655 |
|
7 |
|a Electronic books.
|2 local
|
| 700 |
1 |
|
|a Solomon, Paul,
|e author.
|0 http://id.loc.gov/authorities/names/n78093568
|
| 710 |
2 |
|
|a Elsevier Science (Firm)
|0 http://id.loc.gov/authorities/names/no99049782
|
| 730 |
0 |
|
|a ClinicalKey.
|
| 856 |
4 |
0 |
|u http://proxy.library.tamu.edu/login?url=https://www.clinicalkey.com/dura/browse/bookChapter/3-s2.0-C2019005193X
|z Connect to the full text of this electronic book.
|t 0
|
| 999 |
|
|
|a MARS
|
| 999 |
f |
f |
|s b41e091b-77f3-37e9-9263-bc6ec7bb4fcd
|i 3afc82d8-2904-3046-a213-de22c6f83d5f
|t 0
|
| 952 |
f |
f |
|a Texas A&M University
|b College Station
|c Electronic Resources
|d Available Online
|t 0
|e WT 155 B927m 2022eb
|h National Library of Medicine classification
|
| 998 |
f |
f |
|a WT 155 B927m 2022eb
|t 0
|l Available Online
|